Every US State Flag-Shape - Statistics

General Stats
  • This quiz has been taken 45 times
  • The average score is 45 of 50
Answer Stats
Picture Answer % Correct
Hawaii
97%
Maryland
97%
Montana
97%
California
94%
Colorado
94%
Idaho
94%
Michigan
94%
Nevada
94%
Ohio
94%
Virginia
94%
Washington
94%
Alabama
92%
Alaska
92%
Arizona
92%
Florida
92%
Indiana
92%
Iowa
92%
Louisiana
92%
Maine
92%
Massachusetts
92%
Minnesota
92%
Texas
92%
Wyoming
92%
New Hampshire
89%
New York
89%
Oklahoma
89%
South Carolina
89%
South Dakota
89%
Tennessee
89%
Vermont
89%
Wisconsin
89%
Illinois
86%
Kansas
86%
Kentucky
86%
Missouri
86%
Nebraska
86%
New Jersey
86%
New Mexico
86%
Oregon
86%
Connecticut
83%
Georgia
83%
Mississippi
83%
North Carolina
83%
Pennsylvania
83%
Utah
83%
Arkansas
81%
Delaware
81%
North Dakota
81%
Rhode Island
81%
West Virginia
81%
No matching quizzes found
Score Distribution
Percent of People with Each Score
Percentile by Number Answered
Your Score History
You have not taken this quiz